Equipo Avatar - Estadísticas

Estadísticas generales
  • Esta prueba ha sido intentada 55 veces
  • La puntuación promedio es 7 de 8
Estadísticas de respuestas
Personaje % Correcto
Aang
100%
Katara
98%
Zuko
94%
Sokka
92%
Toph
90%
Appa
88%
Momo
78%
Suki
66%
No se encontraron pruebas coincidentes
Distribución de puntuación
Porcentaje de gente con cada puntuación
Porcentaje por número respondido
Historial de tus puntuaciones
No has intentado esta prueba.